טוען...

Tales of Athiranippadam

מידע ביבליוגרפי
מחבר ראשי: S K Pottekkatt
מחברים אחרים: Sreedevi K Nair & Radhika P Menon (Tr.)
פורמט: Printed Book
יצא לאור: kottayam; D C Books; 1996
מהדורה:1st
נושאים:
LEADER 00578nam a22001697a 4500
020 |a 9788125051275 
082 |a 823  |b POT/T N6 
100 |a S K Pottekkatt  |9 299163 
245 |a Tales of Athiranippadam 
250 |a 1st 
260 |a kottayam;  |b D C Books;  |c 1996 
300 |a xxii+420p. 
650 |a Fiction; English Literature  |9 298830 
700 |a Sreedevi K Nair & Radhika P Menon (Tr.)  |9 299164 
942 |c BK 
999 |c 71900  |d 71900 
952 |0 0  |1 0  |4 0  |6 823_000000000000000_POT_T_N6  |7 0  |8 ENGF  |9 84950  |a MAL  |b MAL  |d 2017-01-09  |e 55057  |l 0  |o 823 POT/T N6  |p MAL055057  |r 2017-01-09  |t 1  |w 2017-01-09  |y BK